000
00477nam a2200181Ia 4500
008
090123s9999 xx 000 0 und d
082
_b
141
100
_a
नांगरे बालराम
245
_a
अंतर
250
_a
1
260
_b
पाठक ग.रा.
300
_a
120
600
_a
नांगरे बालराम
630
_a
अंतर
700
_a
नांगरे बालराम
730
_a
अंतर
942
_c
BOOK
999
_c
38229
_d
38229